Logo BPK

Biblioteka

Politechniki Koszalińskiej

Systemy kierowania / (Rekord nr 49654)

Szczegóły MARC
000 -ETYKIETA REKORDU
podpole kontrolne o stałej długości 00637nam a2200241 i 4500
001 - NUMER KONTROLNY REKORDU
pole kontrolne bg
020 ## - MIĘDZYNARODOWY ZNORMALIZOWANY NUMER KSIĄŻKI - ISBN
ISBN 8321406912
040 ## - ŹRÓDŁO KATALOGOWANIA
Instytucja, która utworzyła rekord BPK
041 0# - KOD JĘZYKA
Kod języka tekstu pol
044 ## - KOD KRAJU WYDAWCY/PRODUCENTA
Kod kraju wydawcy/producenta POL
080 ## - UNIWERSALNA KLASYFIKACJA DZIESIĘTNA - UKD
UKD 005
920 ## - Międzynarodowy znormalizowany numer książki – ISBN
ISBN 83-214-0691-2
008 - POLE O STAŁEJ DŁUGOŚCI - DANE KONTROLNE
podpole kontrolne o stałej długości 100831s1989 pl a |000 0 pol
100 1# - NAZWA OSOBOWA
Nazwa osobowa Sienkiewicz, Piotr
Daty związane z nazwą (1945-).
245 10 - TYTUŁ/ODPOWIEDZIALNOŚĆ
Tytuł Systemy kierowania /
Pozostałe elementy strefy tytułu i oznaczenia odpowiedzialności Piotr Sienkiewicz.
260 ## - STREFA ADRESU WYDAWNICZEGO
Miejsce wydania Warszawa :
Nazwa wydawcy/dystrybutora "Wiedza Powszechna",
Data publikacji, dystrybucji/powstania dokumentu 1989.
300 ## - STREFA OPISU FIZYCZNEGO
Objętość 306, [2] s. :
Inne cechy fizyczne il. ;
Rozmiary 19 cm.
490 1# - STREFA SERII I DOKUMENTU WIELOCZĘŚCIOWEGO - FORMA NIE DO WYSZUKIWANIA
Tytuł i oznaczenie odpowiedzialności serii Omega - Biblioteka Wiedzy Współczesnej.
650 #4 - HASŁO PRZEDMIOTOWE W FORMIE NAZWY OGÓLNEJ LUB JEDNOSTKOWEJ
Nazwa ogólna lub geograficzna Zarządzanie
Określnik ogólny teoria.
650 #4 - HASŁO PRZEDMIOTOWE W FORMIE NAZWY OGÓLNEJ LUB JEDNOSTKOWEJ
Nazwa ogólna lub geograficzna Organizacja
Określnik ogólny teoria.
830 #0 - HASŁO DODATKOWE SERII LUB DOKUMENTU WIELOCZĘŚCIOWEGO - TYTUŁ UJEDNOLICONY
Tytuł ujednolicony Omega
856 ## - LOKALIZACJA I DOSTĘP DO ELEKTRONICZNYCH DOKUMENTÓW ZDALNYCH
Link (URL) http://koha.tu.koszalin.pl/cgi-bin/koha/opac-detail.pl?biblionumber=49654
Tekst linku Katalog online BPK
942 ## - DODATKOWE ELEMENTY (KOHA)
Typ dokumentu Książka
Egzemplarze
Wycofany Status egzemplarza Uszkodzony Dostępność Lokalizacja stała Lokalizacja bieżąca Miejsce przechowywania Sygnatura Kod kreskowy Typ dokumentu
      Dostępny Biblioteka Politechniki Koszalińskiej Biblioteka Politechniki Koszalińskiej Wypożyczalnia BG S 1420 02509617 Książka
© 2023 Biblioteka Politechniki Koszalińskiej :: KOHA